Silhouettes: Broadway Musicals Quiz Stats

 Plays Quiz Updated Nov 9, 2017

Challenge
Share
Tweet
Score 0/15 Timer 02:00
11 Plays Today
% Correct
Beauty and the Beast
96.5%
The Phantom of the Opera
94.5%
Wicked
94.4%
Les Misérables
92.5%
Jersey Boys
92.4%
The Sound of Music
91.9%
Fiddler on the Roof
91.9%
Mary Poppins
90.5%
% Correct
Hamilton
87.9%
Billy Elliot
83.5%
Hello, Dolly!
82.8%
The Music Man
80.5%
Miss Saigon
77.1%
West Side Story
74.5%
Newsies
72.8%

You're not logged in!

Compare scores with friends on all Sporcle quizzes.
OR
Log In

You Might Also Like...

Show Comments

Extras

Top Quizzes Today


Score Distribution

Your Account Isn't Verified!

In order to create a playlist on Sporcle, you need to verify the email address you used during registration. Go to your Sporcle Settings to finish the process.

Report this User

Report this user for behavior that violates our Community Guidelines.

Details: